000
00321nam a2200133Ia 4500
005
20251222144742.0
008
251222s9999||||xx |||||||||||||| ||spa||
020
_a
978-612-46900-0-6
082
_a
345.050.26/U15/2015
245
0
_a
Nuevo Código Procesal Penal:
250
_a
1a.ed.
264
_b
Ubi Lex
942
_c
LIB
999
_c
19006
_d
19006